00581nam a2200157 a 450000100100000000500170001000800410002704000250006808200130009310000380010624500550014426000520019930000270025150000660027850000790034400004321420201002040728.0140225s1983 pr a 000 0 spa d aDO-SdBNPbspacBNPHU axxxbxxx1 aSotomayor, Áurea Maríad1951-10aSitios de la memoria /cÁurea María Sotomayor. aRío Piedras, Puerto Rico :bHuracán,c1983. a72 p. :bil. ;c22 cm. aLa biblioteca posee un ejemplar autografíado por la autora. aIncluye datos biográficos de la autora en la solapa de la contracubierta